Entry Personal Name
Number of records used in: 1
001 - CONTROL NUMBER
003 - CONTROL NUMBER IDENTIFIER
005 - DATE AND TIME OF LATEST TRANSACTION
- control field:
20210804132316.0
008 - FIXED-LENGTH DATA ELEMENTS
- fixed length control field:
141017n| azannaabn |n aaa
010 ## - LIBRARY OF CONGRESS CONTROL NUMBER
- LC control number:
n 2014064363
040 ## - CATALOGING SOURCE
- Original cataloging agency:
DLC
- Language of cataloging:
eng
- Description conventions:
rda
- Transcribing agency:
DLC
046 ## - SPECIAL CODED DATES
100 1# - HEADING--PERSONAL NAME
- Personal name:
Alexander, Kenneth S.,
- Dates associated with a name:
1942-
373 ## - ASSOCIATED GROUP
- Associated group:
University of Toledo
670 ## - SOURCE DATA FOUND
- Source citation:
Introduction to cosmetic formulation and technology, 2015:
- Information found:
ECIP t.p. (Kenneth S. Alexander, Ph. D.) data view (b. Nov. 27, 1942)
670 ## - SOURCE DATA FOUND
- Source citation:
University of Toledo, Dept. of Pharmacy Practice, viewed Oct. 17, 2014
- Information found:
(Kenneth S. Alexander, Ph. D.; professor, Dept. of Pharmacy Practice, Division of Industrial Pharmacy; B.S., pharmacy, Philadelphia College of Pharmacy & Science; M.S., pharmaceuticals, Philadelphia College of Pharmacy & Science, Doctor of Pharmaceuticals, University of Rhode Island)